| 000 | 00927nam a22002297a 4500 | ||
|---|---|---|---|
| 008 | 081125t xxu||||| |||| 00| 0 eng d | ||
| 010 | _aENG-91820 | ||
| 020 |
_a9788189915193 _c950.00 |
||
| 035 | _aEN-75353 | ||
| 037 | _bDBAD / PUB | ||
| 040 |
_adpl _bEnglish |
||
| 082 | _a374.01240954 | ||
| 100 | _aMishra, Sadananda | ||
| 245 |
_aAdult education and total literacy / _cby Sadananda Mishra; foreword by Jagannath Mohanty |
||
| 260 |
_aNew Delhi _bRoutledge _c2008 |
||
| 270 |
_a912-915, Tolstoy House, 15-17, Tolstoy Marg, _bNew Delhi _e110001 |
||
| 300 |
_aviii, 310p. _c23cm (Hb) |
||
| 500 | _aIncludes bibliographical references | ||
| 650 |
_aAsult education _zIndia |
||
| 942 |
_2ddc _cEN _mMIS _h374.01240954 |
||
| 999 |
_c19107 _d19107 |
||